01462nam a2200325 a 4500001001000000003000500010005001700015008004100032010001100073011001100084040000900095090001000104100004800114245016900162260004100331500006000372502010900432590004000541590004000581650003100621650005100652650004500703856007000748901000700818942001000825942000600835999001900841952013600860952014000996000112519CHAP20220329144310.0160608s2016 mx a fsm |||||||spa d a108980 a109952 cCHAP aTesis1 aMárquez Pérez, Francisco Javier913085710aAnálisis espacial y temporal del huanglongbing de los cítricos (HLB) en el municipio de Xalisco, Nayarit/h[En línea]cpor Francisco Javier Márquez Pérez. aChapingo, Méx. :bEl autor,c2016. aPara ver el contenido del material haga clic en la liga aTesis (Ing. Agr. Esp. en Parasitología Agrícola) -- UACH. Departamento de Parasitología Agrícola aE6096MTMb05c20160608lUCH01h1444 aE6096MTMb05c20160608lUCH01h144514aAnálisis espacial.9598214aCítricosxEnfermedades por bacterias.92442414aManejo integrado de enfermedades.970364 aFinding aiduhttp://10.13.5.2/tesis/sist112519.pdfzTeclea aquí aBK cTESIS n0 c108980d108980 00104054718TESISaBCbBCd2016-06-08fTESISl0oTesisp33724002522520r2019-12-31 00:00:00w2019-12-31yTESISzRecien adquirido 00102local4053708TESISaBCbBCcPA_TESISd2016-06-08fTESISl0oTesisp33724002522561r2019-12-31 00:00:00tc.2w2019-12-31yTESIS